000 00355nam a2200145 a 4500
005 20140414093847.0
008 110304s19uu xx 00 eng d
050 _aCDR 372.48
_bC12 2004
100 _aCalhoun, Emily
245 _aUsing data to assess your reading program.
260 _c2004.
650 _aReading
942 _cAVM
999 _c109717
_d109717